| 000 | 00968nam a2200253 a 4500 | ||
|---|---|---|---|
| 999 |
_c10241 _d10241 |
||
| 001 | 10241 | ||
| 003 | BD-JhCC | ||
| 005 | 20180421183133.0 | ||
| 008 | 180421s2003 bg |||| |||| 000 0 ben d | ||
| 020 | _a98484880108 | ||
| 035 | _a(BD-JhCC)10241 | ||
| 040 |
_aBD-JhCC _dBD-JhCC |
||
| 041 | _aben | ||
| 082 |
_a894.4415 _bIQB 2003 |
||
| 100 | _aইকবাল, আল্লামা মুহাম্মদ | ||
| 245 |
_aরুমূয-ই-বেখূদী / _cআল্লামা মুহাম্মদ ইকবাল ; আবুল ফারাহ্ মুহাম্মদ আবদুল হক [অনু:] |
||
| 260 |
_aঢাকা : _bআল্লামা ইকবাল সংসদ, _c2003. |
||
| 300 |
_a103 P. : _c22 cm |
||
| 504 | _aIncluding Bibliographical Reference | ||
| 650 | _aIslamic Poetry | ||
| 700 | _aহক,আবুল ফারাহ্ মুহাম্মদ আবদুল | ||
| 942 |
_2ddc _cBK |
||